000 00785nam a22002297a 4500
999 _c19230
_d19230
003 AR-CdUCM
008 190516b ||||| |||| 00| 0 spa d
040 _aMUNICIPALIDAD PROVINCIAL DEL CUSCO
_cBIBLIOTECA MUNICIPAL DEL CUSCO
082 _a344 /
_bP2
100 _aPeña Cabrera, Raúl
_910436
245 _aNuevo código penal comentado y leyes complementarias /
260 _aLima :
_bSan Marcos,
_c1992.
300 _a1222 páginas ;
_c22.5 cm.
505 _aContenido: Exposición de motivos -- Sumillado -- Concordado -- Indice analítico -- Indice por artículos.
650 _aCódigo penal
_911609
650 _aDerecho penal
_95831
650 _aLegislación
_92962
650 _aLeyes
_94808
650 _aPerú
_935
942 _2ddc
_cLIBROS
945 _aacv
_d2019-05-16